| 000 | 02027 am a2200445 a 4500 | ||
|---|---|---|---|
| 005 | 20240520130453.0 | ||
| 008 | 100406s2007||||ag a f |||| 001 0 spa d | ||
| 020 | _a9789872309282 | ||
| 041 | _aspa | ||
| 092 |
_c617.55 _l10 _sCAN |
||
| 245 |
_aCáncer Colorrectal. _bClinicas Quirúrgicas del Hospital Italiano / _cCarlos A. Vaccaro |
||
| 250 |
_a1a ed. _bDirector Clínicas Quirúrgicas Sung Ho Hyon |
||
| 260 |
_aBuenos Aires: _bdelhospital ediciones; _c2007. |
||
| 300 |
_a460 p. _c22x16 cm. |
||
| 500 | _aVaccaro, C. A. et al. (2007). Cáncer Colorrectal. Clínicas Quirúrgicas del Hospital Italiano. (1a ed.) Buenos Aires : delhospital ediciones. | ||
| 590 | _aDonación Hospital Italiano, 2007. | ||
| 653 | _aEpidemiología y registros de cáncer Colorrectal | ||
| 653 | _aCarcinogénesis y clasificación molecular del cáncer colorrectal | ||
| 653 | _aSindromes hereditarios | ||
| 653 | _aPrevención primaria | ||
| 653 | _aManejo de pólipos colorrectales | ||
| 653 | _aDiagnósticos por imágenes | ||
| 653 | _aEnfermedad inflamatoria intestinal: factores de riesgo y estrategias de prevención | ||
| 653 | _aTratamiento quirúrgico del cáncer de colon | ||
| 653 | _aFactores pronósticos en el cáncer colorrectal | ||
| 653 | _aAspectos técnicos de la cirugía del cáncer de recto | ||
| 653 | _aCáncer de recto: selección terapéutica y resultados | ||
| 653 | _aMetástasis hepáticas de cáncer colorrectal | ||
| 653 | _aTratamiento quirúrgico de las metástasis pulmonares | ||
| 653 | _aCarcinomatosis peritoneal y otras metastasis menos frecuentes | ||
| 653 | _aRecidivas pelvianas: evaluación y tratamiento | ||
| 653 | _aTratamiento médico del cáncer colorrectal avanzado | ||
| 653 | _aCuidados paliativos en cáncer colorrectal avanzado | ||
| 700 | 1 |
_aVarela, Emilio _eCoeditor _9308 |
|
| 700 | 1 |
_aVaccaro, Carlos A. _eEditor _93815 |
|
| 700 | 1 |
_aLastiri, José M. _eCoeditor _9309 |
|
| 700 | 1 |
_aSantafé, Luís _eCoeditor _9310 |
|
| 930 | _a1856 | ||
| 942 |
_2ddc _cBK |
||
| 999 |
_c229 _d229 |
||